| 000 | 00439nam a2200133Ia 4500 | ||
|---|---|---|---|
| 005 | 20260328104345.0 | ||
| 008 | 260328s9999||||xx |||||||||||||| ||und|| | ||
| 100 | _aDa Silva, Maria Cristina | ||
| 245 | 0 |
_aPaisajes Históricos de la producción en Iberomérica ; Cultura , Patrimonio e infraEstructura en el Territorio. / _cMaria Cristina Da Silva |
|
| 260 | _bCultura academica | ||
| 300 | _a303 p. | ||
| 650 | _aPAISAJISMO | ||
| 942 | _cBK | ||
| 999 |
_c12265 _d12265 |
||